Diagnostika v mikroelektronice

Uložené v:
Podrobná bibliografia
Hlavní autori: Třeštíková, Vladimíra (Autor), Burian, Zdeněk (Autor)
Médium: Kniha
Jazyk:Czech
Vydavateľské údaje: Praha : České vysoké učení technické v Praze, 1988
Vydanie:2. vyd.
Tagy: Pridať tag
Žiadne tagy, Buďte prvý, kto otaguje tento záznam!

MARC

LEADER 00000nam a22000003a 4500
001 stu25471
005 20150617225746.1
008 980429s1988------------------------cze-d
040 |a STU  |b slo 
041 0 |a cze 
100 1 |a Třeštíková, Vladimíra  |4 aut 
245 1 |a Diagnostika v mikroelektronice 
250 |a 2. vyd. 
260 |a Praha :  |b České vysoké učení technické v Praze,  |c 1988 
300 |a 118 s 
700 1 |a Burian, Zdeněk  |4 aut 
996 |b 284ES13470  |c E*S-31230  |l EE01  |s A  |a 24  |w stu25471_0001 
996 |b 284ES13471  |c E*S-31231  |l EE01  |s A  |a 24  |w stu25471_0002 
996 |b 284ES13469  |c E*S-31233  |l EE01  |s A  |a 24  |w stu25471_0003